[Event "ch-RUS U20"]
[Site "St Petersburg RUS"]
[Date "2011.03.04"]
[Round "1"]
[White "Matlakov, Maxim"]
[Black "Rozum, Ivan"]
[Result "1/2-1/2"]
[WhiteTitle "GM"]
[BlackTitle "IM"]
[WhiteElo "2625"]
[BlackElo "2475"]
[WhiteFideId "4168003"]
[BlackFideId "24104272"]
[EventDate "2011.03.04"]

1. d4 d5 2. Nf3 Nf6 3. c4 dxc4 4. e3 e6 5. Bxc4 c5 6. O-O a6 7. Bb3 Be7 8. Nc3
O-O 9. Qe2 cxd4 10. Rd1 Nc6 11. Nxd4 Qc7 12. e4 Nxd4 13. Rxd4 b5 14. e5 Nd7 15.
Bf4 Bb7 16. Rc1 Nc5 17. Bc2 Rfd8 18. Rxd8+ Rxd8 19. a3 Qc6 20. f3 Qd7 21. Be3
Qe8 22. b4 Nd7 23. f4 Rc8 24. Ne4 Rc4 25. Nd2 Rc8 26. Ne4 Rc4 27. Nd2 Rc8 28.
Ne4 Bd5 29. Qd3 g6 30. Rd1 Rc7 31. Bb3 Bxb3 32. Qxb3 Qa8 33. Qd3 Rc4 34. Nd6
Bxd6 35. Qxd6 Rc2 36. Rd2 Rxd2 37. Bxd2 Qb7 38. Be3 h5 39. Kf2 Qc8 40. Bc5 Qb7
41. h3 Kg7 42. Kg3 1/2-1/2

[Event "ch-RUS U20"]
[Site "St Petersburg RUS"]
[Date "2011.03.04"]
[Round "1"]
[White "Fedoseev, Vladimir3"]
[Black "Belous, Vladimir"]
[Result "1/2-1/2"]
[WhiteTitle "IM"]
[WhiteElo "2519"]
[BlackElo "2524"]
[WhiteFideId "24130737"]
[BlackFideId "4174003"]
[EventDate "2011.03.04"]

1. d4 c5 2. d5 d6 3. c4 g6 4. Nc3 Bg7 5. e4 e6 6. Bd3 exd5 7. cxd5 a6 8. a4 Nh6
9. Nce2 O-O 10. Nf3 Bg4 11. Bg5 f6 12. Bd2 f5 13. Ng5 Qf6 14. f3 Nd7 15. O-O Ne5
16. Bc2 f4 17. Bxf4 Bd7 18. Qc1 Nhf7 19. Nxf7 Qxf7 20. Bh6 Bxh6 21. Qxh6 b5 22.
Qc1 Rab8 23. f4 Ng4 24. h3 Nf6 25. Ng3 bxa4 26. Bxa4 Rb4 27. Bc2 Bb5 28. Rf3 Nd7
29. Raa3 Qf6 30. Rac3 Qh4 31. Nh1 Qh6 32. b3 Rd4 33. Qe3 Re8 34. Ng3 Rxd5 35.
exd5 Rxe3 36. Rcxe3 Nf6 37. Re6 Nxd5 38. Rxd6 Nxf4 39. Rd1 Qg5 40. Re1 Nxh3+ 41.
Kh2 Qd2 42. Rfe3 Nf2 43. Ne4 Qxc2 44. Nf6+ Kf7 45. Rf3 Bc6 46. Ne4+ Kg7 47. Rxf2
Qxb3 48. Nxc5 Qc3 49. Ne6+ Kh6 50. Rh1 g5 1/2-1/2

[Event "ch-RUS U20"]
[Site "St Petersburg RUS"]
[Date "2011.03.05"]
[Round "2"]
[White "Matlakov, Maxim"]
[Black "Goganov, Aleksey"]
[Result "1-0"]
[WhiteTitle "GM"]
[BlackTitle "IM"]
[WhiteElo "2625"]
[BlackElo "2469"]
[WhiteFideId "4168003"]
[BlackFideId "24109959"]
[EventDate "2011.03.04"]

1. d4 Nf6 2. c4 e6 3. Nf3 b6 4. g3 Bb7 5. Bg2 Bb4+ 6. Nbd2 O-O 7. O-O a5 8. Qc2
Bxd2 9. Bxd2 Be4 10. Qc3 d6 11. Rad1 Nbd7 12. Bc1 Qb8 13. Bh3 h6 14. Nd2 Bb7 15.
Rfe1 c5 16. b3 Rd8 17. e4 cxd4 18. Qxd4 Nc5 19. f3 Qc7 20. Nb1 Qe7 21. Nc3 Bc6
22. Bb2 e5 23. Qe3 Rab8 24. Rd2 Qc7 25. Red1 Qe7 26. Ba3 Ra8 27. Qf2 Kh8 28. Rc1
Kg8 29. Bg2 Re8 30. Nd1 Kh7 31. Ne3 g6 32. Rcd1 Rad8 33. Rc2 Ra8 34. Qd2 Red8
35. Bc1 Qf8 36. Qc3 Qe7 37. Re2 Bb7 38. Nc2 Qf8 39. Be3 Qe7 40. Na3 Bc6 41. Qb2
Rab8 42. Nb1 Ra8 43. Nc3 Qf8 44. a3 Qe7 45. Qc2 Be8 46. b4 axb4 47. axb4 Na4 48.
Red2 Rdc8 49. Bf1 Nxc3 50. Qxc3 Ba4 51. Ra1 b5 52. c5 dxc5 53. Bxc5 Qe6 54. Qe3
Rd8 55. Ra3 Qe8 56. Rad3 Kg7 57. Bh3 Rxd3 58. Qxd3 h5 59. Qc3 Rd8 60. Rxd8 Qxd8
61. Qxe5 Qd1+ 62. Bf1 Qxf3 63. Bd4 Bb3 64. Qf4 Qxf4 65. gxf4 Bc2 66. Bxb5 Bxe4
67. Kf2 Bb7 68. Kg3 1-0

[Event "ch-RUS U20"]
[Site "St Petersburg RUS"]
[Date "2011.03.05"]
[Round "2"]
[White "Rozum, Ivan"]
[Black "Belous, Vladimir"]
[Result "1/2-1/2"]
[WhiteTitle "IM"]
[WhiteElo "2475"]
[BlackElo "2524"]
[WhiteFideId "24104272"]
[BlackFideId "4174003"]
[EventDate "2011.03.04"]

1. d4 Nf6 2. c4 c6 3. Nf3 d5 4. e3 a6 5. Bd3 Bg4 6. Nbd2 Nbd7 7. Qc2 e6 8. b3
Bd6 9. Bb2 Qb8 10. O-O O-O 11. h3 Bh5 12. Ng5 h6 13. Ngf3 Bxf3 14. Nxf3 Re8 15.
Rfd1 b5 16. Rac1 Ra7 17. Qe2 Rb7 18. cxb5 cxb5 19. Rc6 Rb6 20. Rdc1 Ne4 21. Qc2
Rxc6 22. Qxc6 Nb6 23. Qc2 Rc8 24. Qd1 Rxc1 25. Qxc1 Qc7 26. Qxc7 Bxc7 27. Ne5
Nd6 28. Bc3 Kf8 29. Nc6 Nd7 30. Kf1 Ke8 31. Ke2 Nb8 32. Nxb8 Bxb8 33. a4 Kd7 34.
Bb4 Kc6 35. axb5+ axb5 36. g4 Ne8 37. Kd2 Bd6 38. Kc3 Kb6 39. h4 Bxb4+ 40. Kxb4
Nc7 41. Bh7 Na6+ 42. Kc3 b4+ 43. Kd3 Nc7 44. Bg8 1/2-1/2

[Event "ch-RUS U20"]
[Site "St Petersburg RUS"]
[Date "2011.03.06"]
[Round "3"]
[White "Fedoseev, Vladimir3"]
[Black "Matlakov, Maxim"]
[Result "1/2-1/2"]
[WhiteTitle "IM"]
[BlackTitle "GM"]
[WhiteElo "2519"]
[BlackElo "2625"]
[WhiteFideId "24130737"]
[BlackFideId "4168003"]
[EventDate "2011.03.04"]

1. d4 Nf6 2. c4 g6 3. Nc3 d5 4. Bf4 Bg7 5. e3 O-O 6. Rc1 c5 7. dxc5 Qa5 8. cxd5
Rd8 9. Bc4 Be6 10. b4 Qxb4 11. Qb3 Qxb3 12. Bxb3 Nxd5 13. Nxd5 Rxd5 14. Nf3 Rd7
15. Bxe6 fxe6 16. Bxb8 Rxb8 17. Ng5 Rc8 18. Ke2 Rc6 19. Rhd1 Rd5 20. Ne4 h6 21.
Rb1 b6 22. cxb6 axb6 23. Rdc1 Rxc1 24. Rxc1 Ra5 25. Rc2 Kf7 26. g3 Be5 27. Nd2
b5 28. Nb3 Ra8 29. Kd3 Ra4 30. Nc5 Ra3+ 31. Ke4 Bd6 32. Kd4 Kf6 33. Ne4+ Kf5 34.
Nxd6+ exd6 35. h3 Ra4+ 36. Kd3 Ra3+ 37. Kd4 Ra4+ 38. Kd3 Ra3+ 39. Kd4 Ra4+ 40.
Kd3 Ra3+ 1/2-1/2

[Event "ch-RUS U20"]
[Site "St Petersburg RUS"]
[Date "2011.03.06"]
[Round "3"]
[White "Goganov, Aleksey"]
[Black "Rozum, Ivan"]
[Result "1/2-1/2"]
[WhiteTitle "IM"]
[BlackTitle "IM"]
[WhiteElo "2469"]
[BlackElo "2475"]
[WhiteFideId "24109959"]
[BlackFideId "24104272"]
[EventDate "2011.03.04"]

1. d4 d5 2. c4 dxc4 3. Nf3 a6 4. e3 Nf6 5. Bxc4 e6 6. O-O c5 7. Bb3 Be7 8. dxc5
Qxd1 9. Rxd1 Bxc5 10. Nc3 b5 11. Bd2 Bb7 12. Rac1 Nbd7 13. Ne2 O-O 14. Bc3 Rfc8
15. Nf4 Nf8 16. Ne5 Be7 17. f3 Rc7 18. Ba5 Rxc1 19. Rxc1 Bd6 20. Nfd3 Rc8 21.
Rxc8 Bxc8 22. Bb4 Bxb4 23. Nxb4 N8d7 24. Nec6 Kf8 25. Kf2 Nc5 26. Bc2 Nfd7 27.
Ke2 h6 28. Kd2 Bb7 29. Kc3 Ke8 30. Kd4 e5+ 31. Kc3 g6 32. Na5 Ba8 33. Nbc6 Nb7
34. Kb4 Nxa5 35. Nxa5 Ke7 36. e4 Kd6 37. a4 bxa4 38. Bxa4 Kc7 39. Bxd7 Kxd7 40.
Nc4 Ke6 41. Kc5 f5 42. Nd6 a5 43. exf5+ gxf5 44. Nc4 Bd5 45. Nxa5 e4 46. fxe4
Bxe4 47. g3 f4 48. gxf4 Kf5 49. Kd4 Kxf4 50. Nc4 Bc6 51. Ne5 Ba4 52. b4 h5 53.
Kd5 h4 54. Kd4 Be8 55. Nc4 Kg4 56. Nd6 Ba4 57. b5 Bxb5 58. Nxb5 Kh3 59. Ke3 Kxh2
60. Kf2 Kh3 1/2-1/2

[Event "ch-RUS U20"]
[Site "St Petersburg RUS"]
[Date "2011.03.07"]
[Round "4"]
[White "Shimanov, Aleksandr"]
[Black "Matlakov, Maxim"]
[Result "1/2-1/2"]
[WhiteTitle "GM"]
[BlackTitle "GM"]
[WhiteElo "2550"]
[BlackElo "2625"]
[WhiteFideId "4198603"]
[BlackFideId "4168003"]
[EventDate "2011.03.04"]

1. d4 d5 2. c4 c6 3. Nf3 Nf6 4. Nc3 e6 5. Bg5 h6 6. Bh4 g5 7. Bg3 dxc4 8. e4 b5
9. Ne5 Bb7 10. h4 Rg8 11. hxg5 hxg5 12. Nxf7 Kxf7 13. e5 Nd5 14. Rh7+ Bg7 15.
Qf3+ Ke8 16. Qh5+ Kf8 17. Qf3+ Ke8 18. Qh5+ Kf8 19. Ne4 Qa5+ 20. Kd1 Qa4+ 21.
Kc1 Nb4 22. Qf3+ Ke8 23. Nd6+ Kd8 24. Qf6+ Bxf6 25. Nxb7+ Kc8 26. Nd6+ Kd8 27.
Nb7+ Kc8 28. Nd6+ Kd8 29. Nb7+ Kc8 30. Nd6+ Kd8 1/2-1/2

[Event "ch-RUS U20"]
[Site "St Petersburg RUS"]
[Date "2011.03.07"]
[Round "4"]
[White "Belous, Vladimir"]
[Black "Goganov, Aleksey"]
[Result "0-1"]
[BlackTitle "IM"]
[WhiteElo "2524"]
[BlackElo "2469"]
[WhiteFideId "4174003"]
[BlackFideId "24109959"]
[EventDate "2011.03.04"]

1. d4 Nf6 2. c4 e6 3. Nc3 Bb4 4. e3 c5 5. Ne2 cxd4 6. exd4 O-O 7. a3 Be7 8. g3
d5 9. c5 b6 10. b4 a5 11. Rb1 axb4 12. axb4 bxc5 13. dxc5 Nc6 14. Bg2 Rb8 15.
Ba3 Ba6 16. O-O Bc4 17. Re1 e5 18. b5 Na7 19. b6 Nc6 20. Nb5 Ra8 21. Qc1 Qd7 22.
Nec3 Bd3 23. Ra1 e4 24. Rd1 Ra5 25. Nc7 d4 26. Rxd3 exd3 27. N3d5 Nxd5 28. Nxd5
Bxc5 29. Bb2 Rxa1 30. Bxa1 Qd6 31. b7 Nb4 32. Nf4 Ba7 33. Bb2 Qc5 34. Qd2 Qc2
35. Qxb4 d2 36. Bf3 d1=Q+ 37. Bxd1 Qxd1+ 38. Kg2 Qb1 39. Qb5 Qe4+ 40. f3 Qc2+
41. Kh3 Qc5 42. Qd7 Qb6 43. Nd5 Qh6+ 44. Kg2 Qd2+ 45. Kh3 Qh6+ 46. Kg2 Bc5 47.
Qc8 Qd6 48. Ne7+ Qxe7 49. b8=Q Qe2+ 50. Kh3 Qf1+ 51. Kg4 h5+ 52. Kxh5 Qxf3+ 53.
Kh4 Be7+ 0-1

[Event "ch-RUS U20"]
[Site "St Petersburg RUS"]
[Date "2011.03.07"]
[Round "4"]
[White "Fedoseev, Vladimir3"]
[Black "Rozum, Ivan"]
[Result "1/2-1/2"]
[WhiteTitle "IM"]
[BlackTitle "IM"]
[WhiteElo "2519"]
[BlackElo "2475"]
[WhiteFideId "24130737"]
[BlackFideId "24104272"]
[EventDate "2011.03.04"]

1. e4 c5 2. Nf3 e6 3. b3 b6 4. d4 cxd4 5. Nxd4 Bb7 6. Bd3 a6 7. Bb2 d6 8. O-O
Nf6 9. Re1 Nbd7 10. c4 g6 11. Nc3 Bg7 12. Qe2 O-O 13. Rad1 Qc7 14. Bb1 Rad8 15.
Qf1 Qb8 16. f3 Rfe8 17. Kh1 Nc5 18. Qg1 h5 19. Bc1 Nh7 20. Be3 Ba8 21. Rc1 Nf6
22. Bf2 Ncd7 23. Bd3 g5 24. Be2 Ne5 25. Be3 Nh7 26. Na4 Nd7 27. b4 Rc8 28. Nb3
d5 29. exd5 exd5 30. Nxb6 Nxb6 31. Bxb6 dxc4 32. Bxc4 Rxe1 33. Qxe1 Re8 34. Qf2
Qf4 35. Bd4 Nf6 36. Qd2 Qxd2 37. Nxd2 Nd5 38. Bxg7 Kxg7 39. a3 Re3 40. Ra1 Bb7
41. Ne4 g4 42. Nd6 Rc3 43. fxg4 hxg4 44. Bf1 Ba8 45. Ne4 Rc2 46. Kg1 Ne3 47. Nf2
f5 48. Bxa6 Bxg2 49. Bd3 Rb2 50. Bxf5 Nxf5 51. Kxg2 Ne3+ 52. Kg1 Nc2 53. Nd1 Rb3
54. Rc1 Nxa3 55. Rc3 Rb1 56. Rxa3 Rxd1+ 57. Kg2 Rb1 58. Ra4 Rb3 59. Ra7+ Kf6 60.
Rb7 Kf5 61. b5 Rb2+ 62. Kg1 Rb1+ 1/2-1/2

[Event "ch-RUS U20"]
[Site "St Petersburg RUS"]
[Date "2011.03.08"]
[Round "5"]
[White "Matlakov, Maxim"]
[Black "Belous, Vladimir"]
[Result "1-0"]
[WhiteTitle "GM"]
[WhiteElo "2625"]
[BlackElo "2524"]
[WhiteFideId "4168003"]
[BlackFideId "4174003"]
[EventDate "2011.03.04"]

1. d4 c5 2. d5 d6 3. c4 g6 4. Nc3 Bg7 5. e4 e6 6. Bd3 exd5 7. cxd5 a6 8. a4 Nh6
9. Bf4 O-O 10. Qd2 Ng4 11. Nf3 f6 12. O-O Ne5 13. Nxe5 fxe5 14. Be3 Nd7 15. a5
Nf6 16. f3 Bd7 17. b4 cxb4 18. Na4 Nh5 19. Rfb1 b5 20. axb6 a5 21. b7 Rb8 22.
Ba6 Qe8 23. Nb6 1-0

[Event "ch-RUS U20"]
[Site "St Petersburg RUS"]
[Date "2011.03.08"]
[Round "5"]
[White "Rozum, Ivan"]
[Black "Shimanov, Aleksandr"]
[Result "0-1"]
[WhiteTitle "IM"]
[BlackTitle "GM"]
[WhiteElo "2475"]
[BlackElo "2550"]
[WhiteFideId "24104272"]
[BlackFideId "4198603"]
[EventDate "2011.03.04"]

1. d4 e6 2. c4 b6 3. Nc3 Bb4 4. e3 Bxc3+ 5. bxc3 Bb7 6. f3 f5 7. Nh3 Qh4+ 8. Nf2
Qe7 9. Bd3 Nf6 10. O-O O-O 11. e4 fxe4 12. fxe4 d6 13. Bg5 Nbd7 14. Ng4 Qe8 15.
Bxf6 Nxf6 16. e5 dxe5 17. Nxe5 Qh5 18. Qxh5 Nxh5 19. g3 Nf6 20. Rae1 c5 21. dxc5
bxc5 22. Rb1 Ba6 23. g4 Rad8 24. g5 Ng4 25. Nxg4 Rxd3 26. Ne5 Rxc3 27. Nc6 Re8
28. Ne5 Bxc4 29. Rf7 Bd5 30. Rbf1 Rc2 31. R1f2 Rc1+ 32. Rf1 Rxf1+ 33. Rxf1 Rf8
34. Rb1 Bxa2 35. Rb7 Bd5 36. Rxa7 Rf5 37. Nd7 Rxg5+ 38. Kf1 c4 39. Rc7 h5 40.
Nb6 Rg4 41. Rc5 Rd4 0-1

[Event "ch-RUS U20"]
[Site "St Petersburg RUS"]
[Date "2011.03.10"]
[Round "6"]
[White "Rozum, Ivan"]
[Black "Matlakov, Maxim"]
[Result "0-1"]
[WhiteTitle "IM"]
[BlackTitle "GM"]
[WhiteElo "2475"]
[BlackElo "2625"]
[WhiteFideId "24104272"]
[BlackFideId "4168003"]
[EventDate "2011.03.04"]

1. Nf3 Nf6 2. c4 e6 3. g3 b6 4. Bg2 Bb7 5. O-O Be7 6. Nc3 O-O 7. Re1 Ne4 8. Nxe4
Bxe4 9. d3 Bb7 10. e4 c5 11. d4 cxd4 12. Nxd4 Nc6 13. Be3 Nxd4 14. Bxd4 Qc7 15.
Qg4 e5 16. Be3 Qc6 17. Qd1 Bb4 18. Bd2 Bc5 19. Be3 d6 20. Qd3 a5 21. Rad1 Rfd8
22. Bxc5 Qxc5 23. Rd2 Bc8 24. Red1 Be6 25. b3 a4 26. Qc3 axb3 27. axb3 Ra3 28.
Bf1 h6 29. Be2 b5 30. Qb2 Qb4 31. cxb5 Rxb3 32. Qa1 Qxe4 33. Bf1 Bg4 34. Re1 Qb4
35. Ra2 Bf3 36. Qc1 Bb7 37. Ra7 Bd5 38. Qa1 Qg4 39. Qd1 Qxd1 40. Rxd1 Bf3 41.
Rd3 Rxd3 42. Bxd3 Rc8 43. Ra1 Rc3 44. Bf1 Rb3 45. Rc1 d5 46. Re1 e4 47. h3 f5
48. Rc1 Kh7 49. h4 d4 50. Bc4 Rb4 51. Bf7 g6 0-1

[Event "ch-RUS U20"]
[Site "St Petersburg RUS"]
[Date "2011.03.10"]
[Round "6"]
[White "Shimanov, Aleksandr"]
[Black "Goganov, Aleksey"]
[Result "1-0"]
[WhiteTitle "GM"]
[BlackTitle "IM"]
[WhiteElo "2550"]
[BlackElo "2469"]
[WhiteFideId "4198603"]
[BlackFideId "24109959"]
[EventDate "2011.03.04"]

1. c4 Nf6 2. Nf3 e6 3. g3 d5 4. Bg2 dxc4 5. Qa4+ c6 6. Qxc4 b5 7. Qc2 Bb7 8. O-O
Nbd7 9. Nc3 a6 10. a4 Be7 11. d3 O-O 12. e4 c5 13. axb5 axb5 14. Rxa8 Qxa8 15.
Nxb5 c4 16. dxc4 Bxe4 17. Qe2 Ne5 18. Nxe5 Bxg2 19. Rd1 Bc5 20. Be3 Qe4 21. Nc3
Qxe5 22. Kxg2 Bxe3 23. Qxe3 Qxe3 24. fxe3 Ng4 25. Rd3 Ne5 26. Rd4 Rb8 27. Nb5 f5
28. b3 Ng4 29. e4 e5 30. Rd2 fxe4 31. h3 Ne3+ 32. Kf2 Nf5 33. Rd5 Ra8 34. Rxe5
Ra2+ 35. Ke1 Nxg3 36. Nd6 h6 37. Kd1 Rb2 38. c5 Rxb3 39. Kc2 Ra3 40. c6 Ne2 41.
Nb5 Ra8 42. c7 Rc8 43. Rxe4 Ng3 44. Rd4 1-0

[Event "ch-RUS U20"]
[Site "St Petersburg RUS"]
[Date "2011.03.10"]
[Round "6"]
[White "Belous, Vladimir"]
[Black "Fedoseev, Vladimir3"]
[Result "0-1"]
[BlackTitle "IM"]
[WhiteElo "2524"]
[BlackElo "2519"]
[WhiteFideId "4174003"]
[BlackFideId "24130737"]
[EventDate "2011.03.04"]

1. d4 Nf6 2. c4 e6 3. Nc3 Bb4 4. a3 Bxc3+ 5. bxc3 b6 6. f3 Nc6 7. e4 d6 8. Bd3
Na5 9. Nh3 Ba6 10. Qe2 Qd7 11. Rb1 c5 12. O-O Qa4 13. Bf4 Nxc4 14. d5 e5 15. Bg5
Nd7 16. Nf2 f6 17. Bc1 b5 18. f4 O-O-O 19. Bc2 Qa5 20. a4 exf4 21. axb5 Bxb5 22.
Bd3 Nde5 23. Bxf4 Nxd3 24. Nxd3 Rhe8 25. Qf2 Na3 26. Bxd6 Rxd6 27. Qxc5+ Qc7 28.
Rxb5 Nxb5 29. Qxb5 Rxe4 30. Nc5 Rb6 31. Qa5 Re2 32. Ne6 Rxg2+ 0-1

[Event "ch-RUS U20"]
[Site "St Petersburg RUS"]
[Date "2011.03.11"]
[Round "7"]
[White "Fedoseev, Vladimir3"]
[Black "Shimanov, Aleksandr"]
[Result "0-1"]
[WhiteTitle "IM"]
[BlackTitle "GM"]
[WhiteElo "2519"]
[BlackElo "2550"]
[WhiteFideId "24130737"]
[BlackFideId "4198603"]
[EventDate "2011.03.04"]

1. d4 d5 2. c4 c6 3. Nf3 Nf6 4. Nc3 a6 5. a4 e6 6. g3 dxc4 7. Bg2 c5 8. O-O Nc6
9. Ne5 Bd7 10. Nxd7 Qxd7 11. d5 Nd4 12. dxe6 Qxe6 13. e4 O-O-O 14. e5 Qxe5 15.
Bh3+ Ne6 16. Qf3 Rd3 17. Qf5 Qxf5 18. Bxf5 Rd8 19. Re1 Bd6 20. Bg5 h6 21. Bxf6
gxf6 22. Rac1 Kb8 23. Bxe6 fxe6 24. Rxe6 Be5 25. Ne4 Bxb2 26. Rxc4 Rd4 27. Rxc5
Rxa4 28. Nxf6 Rd8 29. Rc2 Rb4 30. Rc5 Bd4 31. Rf5 Rb6 32. Rxb6 Bxb6 33. g4 Bd4
34. h4 b5 35. g5 hxg5 36. hxg5 b4 37. Rf3 a5 38. Rf5 Kc7 39. Rxa5 b3 40. Rb5 b2
41. Kg2 Ra8 42. Kf3 Kc6 43. Rb4 Ra3+ 44. Ke2 Ra1 45. Nh5 b1=Q 46. Rxb1 Rxb1 47.
f4 Rb3 48. g6 Kd6 49. f5 Ke7 50. Nf4 Kf6 51. g7 0-1

[Event "ch-RUS U20"]
[Site "St Petersburg RUS"]
[Date "2011.03.12"]
[Round "8"]
[White "Matlakov, Maxim"]
[Black "Fedoseev, Vladimir3"]
[Result "1-0"]
[WhiteTitle "GM"]
[BlackTitle "IM"]
[WhiteElo "2625"]
[BlackElo "2519"]
[WhiteFideId "4168003"]
[BlackFideId "24130737"]
[EventDate "2011.03.04"]

1. d4 Nf6 2. c4 g6 3. Nf3 Bg7 4. g3 O-O 5. Bg2 d6 6. O-O Nc6 7. Nc3 a6 8. b3 Rb8
9. Nd5 Ne4 10. Bb2 e6 11. Ne3 f5 12. Qc2 b5 13. d5 Nb4 14. Qc1 Bxb2 15. Qxb2
bxc4 16. bxc4 c5 17. Qc1 exd5 18. cxd5 a5 19. a3 Na6 20. Nd2 Nf6 21. Rb1 f4 22.
Nec4 Bb7 23. Rb6 Nc7 24. Nxd6 Bxd5 25. Bxd5+ Ncxd5 26. Rxb8 Qxb8 27. Qxc5 Qa8
28. N2e4 fxg3 29. hxg3 Kg7 30. Ng5 Rb8 31. e4 Nb6 32. Qd4 Nd7 33. e5 Nd5 34. Rd1
Ne7 35. Qh4 1-0

[Event "ch-RUS U20"]
[Site "St Petersburg RUS"]
[Date "2011.03.13"]
[Round "9"]
[White "Belous, Vladimir"]
[Black "Matlakov, Maxim"]
[Result "1-0"]
[BlackTitle "GM"]
[WhiteElo "2524"]
[BlackElo "2625"]
[WhiteFideId "4174003"]
[BlackFideId "4168003"]
[EventDate "2011.03.04"]

1. d4 Nf6 2. c4 g6 3. Nc3 d5 4. Nf3 Bg7 5. Bf4 O-O 6. e3 c5 7. dxc5 Ne4 8. Rc1
Nxc3 9. bxc3 Qa5 10. cxd5 Nd7 11. Qb3 Nxc5 12. Qb4 Qb6 13. Nd4 e5 14. dxe6 Nxe6
15. Bd6 Rd8 16. Be7 Re8 17. Be2 Bd7 18. O-O Bxd4 19. cxd4 Nxd4 20. Bc4 Nc6 21.
Qxb6 axb6 22. Bg5 Be6 23. Bxe6 Rxe6 24. Rc2 Kg7 25. Rb1 b5 26. h4 b4 27. Rd1 h6
28. Bf4 Re7 29. Rd5 Ra3 30. Rb2 Rc3 31. f3 f6 32. e4 Rc4 33. h5 f5 34. Rd6 g5
35. Rg6+ Kh7 36. Bd6 Rf7 37. e5 Ne7 38. e6 1-0

[Event "ch-RUS U20"]
[Site "St Petersburg RUS"]
[Date "2011.03.13"]
[Round "9"]
[White "Fedoseev, Vladimir3"]
[Black "Goganov, Aleksey"]
[Result "0-1"]
[WhiteTitle "IM"]
[BlackTitle "IM"]
[WhiteElo "2519"]
[BlackElo "2469"]
[WhiteFideId "24130737"]
[BlackFideId "24109959"]
[EventDate "2011.03.04"]

1. e4 e6 2. d4 d5 3. e5 c5 4. c3 Qb6 5. Nf3 Nc6 6. a3 Bd7 7. b4 cxd4 8. cxd4 Rc8
9. Be3 Nh6 10. Bd3 Ng4 11. O-O Be7 12. Ra2 Nxe3 13. fxe3 O-O 14. h4 f6 15. exf6
Rxf6 16. Raf2 Rcf8 17. Qc2 h6 18. b5 Nd8 19. g4 Bxb5 20. g5 Bxd3 21. gxf6 Bxc2
22. fxe7 Bf5 23. exf8=Q+ Kxf8 24. Ne5 Kg8 25. Nd2 Nc6 26. Ndf3 Nxe5 27. Nxe5 Qb3
28. Rf3 Qxa3 29. e4 Qb4 30. exf5 Qxd4+ 31. Kg2 Qxe5 32. f6 gxf6 33. Rxf6 d4 34.
Kh3 Kg7 35. R6f3 Kg6 36. h5+ Qxh5+ 37. Kg3 Qe5+ 38. Kh3 Qh5+ 39. Kg3 e5 40. Rg1
Kh7 41. Rg2 e4 42. Rf4 Qg5+ 43. Rg4 Qe5+ 44. Kf2 a5 0-1

[Event "ch-RUS U20"]
[Site "St Petersburg RUS"]
[Date "2011.03.14"]
[Round "10"]
[White "Matlakov, Maxim"]
[Black "Shimanov, Aleksandr"]
[Result "1-0"]
[WhiteTitle "GM"]
[BlackTitle "GM"]
[WhiteElo "2625"]
[BlackElo "2550"]
[WhiteFideId "4168003"]
[BlackFideId "4198603"]
[EventDate "2011.03.04"]

1. c4 e5 2. Nc3 Nf6 3. Nf3 Nc6 4. g3 Bb4 5. Nd5 Bc5 6. Bg2 d6 7. d3 h6 8. O-O
O-O 9. e3 a6 10. b3 Ba7 11. Nxf6+ Qxf6 12. Bb2 Bf5 13. a3 Rfe8 14. Qc2 Qe6 15.
Rfe1 Qd7 16. Qc3 f6 17. b4 Be6 18. a4 Nd8 19. d4 e4 20. Nd2 d5 21. b5 c6 22.
bxa6 bxa6 23. Ba3 Nf7 24. Rec1 h5 25. Rab1 h4 26. Qb4 Rab8 27. Qa5 Ra8 28. Rb2
Bb8 29. cxd5 Bxd5 30. Nc4 Qg4 31. Rb7 Qc8 32. Re7 Rxe7 33. Nb6 Qc7 34. Bxe7 Ba7
35. Qxd5 cxd5 36. Rxc7 Bxb6 37. Rb7 Bd8 38. Bc5 hxg3 39. fxg3 Ba5 40. Bh3 Ng5
41. Bg4 g6 42. Bd7 Nf3+ 43. Kf2 Nxh2 44. Be6+ Kh8 45. Bxd5 f5 46. Ke2 Ng4 47.
Be6 Bc3 48. d5 Be5 49. d6 Bf6 50. d7 Bd8 51. Bd5 Nf6 52. Bc6 Ba5 53. Be7 Ng4 54.
Rb1 1-0